| Tag |
First Indicator |
Second Indicator |
Subfields |
| LEADER |
00000cam a2200000 i 4500 |
| 001 |
in00005761021 |
| 005 |
20260327151026.9 |
| 006 |
m o d |
| 007 |
cr cnu|||unuuu |
| 008 |
161005s2017 enk ob 001 0 eng d |
| 040 |
|
|
|a YDX
|b eng
|e pn
|c YDX
|d N$T
|d IDEBK
|d EBLCP
|d OPELS
|d N$T
|d OCLCF
|d OCLCQ
|d OCLCO
|d OCLCQ
|d MERER
|d OCLCQ
|d OCLCO
|d U3W
|d D6H
|d LQU
|d OCLCQ
|d OCLCO
|d S2H
|d OCLCO
|d OCLCA
|d OCLCO
|d OCL
|d OCLCQ
|d OCLCO
|d OCLCL
|d OCLCQ
|
| 019 |
|
|
|a 960029503
|a 960087103
|a 1105173640
|a 1105575293
|
| 020 |
|
|
|a 9780128038802
|q (electronic bk.)
|
| 020 |
|
|
|a 0128038802
|q (electronic bk.)
|
| 020 |
|
|
|z 9780128038086
|
| 020 |
|
|
|z 012803808X
|
| 035 |
|
|
|a (OCoLC)959951469
|z (OCoLC)960029503
|z (OCoLC)960087103
|z (OCoLC)1105173640
|z (OCoLC)1105575293
|
| 050 |
|
4 |
|a QR201.T6
|
| 060 |
|
4 |
|a 2017 A-625
|
| 060 |
|
4 |
|a WC 17
|
| 072 |
|
7 |
|a HEA
|x 039000
|2 bisacsh
|
| 072 |
|
7 |
|a MED
|x 014000
|2 bisacsh
|
| 072 |
|
7 |
|a MED
|x 022000
|2 bisacsh
|
| 072 |
|
7 |
|a MED
|x 112000
|2 bisacsh
|
| 072 |
|
7 |
|a MED
|x 045000
|2 bisacsh
|
| 082 |
0 |
4 |
|a 616.9/294
|2 23
|
| 049 |
|
|
|a TXAM
|
| 100 |
1 |
|
|a Velayati, Ali Akbar,
|e author.
|
| 245 |
1 |
0 |
|a Atlas of myobacterium tuberculosis /
|c Ali Akbar Velayati and Parissa Farnia.
|
| 260 |
|
|
|a London :
|b Academic Press,
|c ©2017.
|
| 300 |
|
|
|a 1 online resource
|
| 336 |
|
|
|a text
|b txt
|2 rdacontent
|
| 337 |
|
|
|a computer
|b c
|2 rdamedia
|
| 338 |
|
|
|a online resource
|b cr
|2 rdacarrier
|
| 505 |
0 |
|
|a Front Cover; Atlas of Mycobacterium tuberculosis; Atlas of Mycobacterium tuberculosis; Copyright; Dedication; Contents; Preface; Acknowledgments; 1 -- The Species Concept; CLASSIFICATION OF MYCOBACTERIUM; MYCOBACTERIUM TUBERCULOSIS COMPLEX; 2 -- Microscopic Anatomy of Mycobacterium tuberculosis; 3 -- Diversity in Cell Shape of Mycobacterium tuberculosis; 4 -- Cell Division in Mycobacterium tuberculosis; 5 -- Drug-Resistant Mycobacterium tuberculosis; 6 -- Latency in Mycobacterium tuberculosis.
|
| 504 |
|
|
|a Includes bibliographical references and index.
|
| 588 |
0 |
|
|a Online resource; title from PDF title page (EBSCO, viewed October 13, 2016).
|
| 650 |
|
0 |
|a Mycobacterium tuberculosis.
|
| 650 |
1 |
2 |
|a Mycobacterium tuberculosis
|
| 650 |
|
6 |
|a Mycobacterium tuberculosis.
|
| 650 |
|
7 |
|a HEALTH & FITNESS
|x Diseases
|x General.
|2 bisacsh
|
| 650 |
|
7 |
|a MEDICAL
|x Clinical Medicine.
|2 bisacsh
|
| 650 |
|
7 |
|a MEDICAL
|x Diseases.
|2 bisacsh
|
| 650 |
|
7 |
|a MEDICAL
|x Evidence-Based Medicine.
|2 bisacsh
|
| 650 |
|
7 |
|a MEDICAL
|x Internal Medicine.
|2 bisacsh
|
| 650 |
|
7 |
|a Mycobacterium tuberculosis
|2 fast
|
| 655 |
|
7 |
|a Electronic books.
|2 local
|
| 655 |
|
2 |
|a Atlas
|
| 655 |
|
7 |
|a atlases.
|2 aat
|
| 655 |
|
7 |
|a Atlases
|2 fast
|
| 655 |
|
7 |
|a Atlases.
|2 lcgft
|
| 655 |
|
7 |
|a Atlas.
|2 rvmgf
|
| 700 |
1 |
|
|a Farnia, Parissa,
|e author.
|
| 710 |
2 |
|
|a ScienceDirect (Online service)
|
| 856 |
4 |
0 |
|u http://proxy.library.tamu.edu/login?url=https://www.sciencedirect.com/science/book/9780128038086
|z Connect to the full text of this electronic book
|t 0
|
| 955 |
|
|
|a Elsevier ScienceDirect 2026-2027
|
| 994 |
|
|
|a 92
|b TXA
|
| 999 |
f |
f |
|i bd2f5fe7-16b8-43a7-b9a8-bcc8b5f29d9d
|s b8dd18f4-a903-45b6-a82c-2f0b0663156b
|t 0
|
| 952 |
f |
f |
|a Texas A&M University
|b College Station
|c Electronic Resources
|s www_evans
|d Available Online
|t 0
|e QR201.T6
|h Library of Congress classification
|
| 998 |
f |
f |
|a QR201.T6
|t 0
|l Available Online
|